| 000 | 00338cam a2200121ua 4500 | ||
|---|---|---|---|
| 020 | _a9788126133758 | ||
| 082 |
_a630. _bMAD/IN |
||
| 100 |
_aMaddala, R . _91025 |
||
| 245 | _aInternational Encyclopaedia of Agricultural Engineering, Vol.2 / | ||
| 260 |
_aNew Delhi : _bAnmol Publications Pvt Ltd , _c2007. |
||
| 300 | _a600 | ||
| 942 | _cBK | ||
| 999 |
_c13451 _d13451 |
||